K některým sporným problémům kolektivních smluv.
Účinnosť kolektívnych zmlúv. Odborová pluralita a kolektívne vyjednávanie. Spôsobilosť k uzavretiu kolektívnej zmluvy. Možnosť zmeny kolektívnej zmluvy. Vyššie kolektívne zmluvy a rozširovanie ich záväznosti.
Gespeichert in:
| 1. Verfasser: | |
|---|---|
| Format: | Buchkapitel |
| Sprache: | Tschechisch |
| Schlagworte: | |
| Tags: |
Keine Tags, Fügen Sie das erste Tag hinzu!
|
MARC
| LEADER | 00000naa a2200000 4500 | ||
|---|---|---|---|
| 001 | r008287 | ||
| 005 | 20220831085010.4 | ||
| 041 | 0 | |a cze | |
| 044 | |a [CS] | ||
| 245 | 1 | 0 | |a K některým sporným problémům kolektivních smluv. |c B. Šubrt |
| 520 | |a Účinnosť kolektívnych zmlúv. Odborová pluralita a kolektívne vyjednávanie. Spôsobilosť k uzavretiu kolektívnej zmluvy. Možnosť zmeny kolektívnej zmluvy. Vyššie kolektívne zmluvy a rozširovanie ich záväznosti. | ||
| 610 | 2 | 0 | |a zmluvy kolektívne |
| 610 | 2 | 0 | |a odbory |
| 610 | 2 | 0 | |a vzťahy pracovnoprávne |
| 610 | 2 | 0 | |a ČSFR |
| 610 | 2 | 0 | |a vyjednávanie kolektívne |
| 100 | 1 | |a Šubrt, B. | |